000 00707nam a22002177a 4500
999 _c8772
_d8772
003 AR-CdUCM
008 190326b ||||| |||| 00| 0 spa d
040 _aMUNICIPALIDAD PROVINCIAL DEL CUSCO
_cBIBLIOTECA MUNICIPAL DEL CUSCO
082 _a891.7 /
_bR81
100 _aRomeral, Pedro
_924471
245 _aLiteratura rusa /
260 _aBuenos Aires :
_bAtlántida,
_c1946.
300 _a267 páginas ;
_c17.5 cm.
440 _aColección oro de cultura general
_916375
500 _aDonación de la familia Nieto.
650 _aLiteratura rusa
_99988
650 _aLiteratura - Historia
_99590
650 _aLiteratura - Rusia - Crítica - Historia
_924472
942 _2ddc
_cLIBROS
945 _alccs